| Tag |
First Indicator |
Second Indicator |
Subfields |
| LEADER |
00000cam a22000001 4500 |
| 001 |
in00001663758 |
| 005 |
20180817102730.0 |
| 008 |
790917s1897 mau 000 0 eng |
| 010 |
|
|
|a 12038564
|
| 019 |
|
|
|a 6502184
|
| 035 |
|
|
|a (OCoLC)ocm05380033
|
| 040 |
|
|
|a DLC
|c AKU
|d DLC
|d TXA
|d OCLCQ
|d UtOrBLW
|
| 049 |
|
|
|a TXAM
|c [16624]
|
| 050 |
0 |
0 |
|a PR2807.A2
|b W5
|
| 092 |
|
|
|a 822.33
|b S7w
|
| 100 |
1 |
|
|a Shakespeare, William,
|d 1564-1616.
|
| 245 |
1 |
0 |
|a Hamlet /
|c by William Shakespeare. From the Riverside edition, ed. by Richard Grant White. With additional notes by Helen Gray Cone.
|
| 264 |
|
1 |
|a Boston,
|a New York [etc.] :
|b Houghton, Mifflin,
|c [1897]
|
| 264 |
|
4 |
|c [©1897]
|
| 300 |
|
|
|a 193 pages ;
|c 18 cm.
|
| 336 |
|
|
|a text
|b txt
|2 rdacontent
|
| 337 |
|
|
|a unmediated
|b n
|2 rdamedia
|
| 338 |
|
|
|a volume
|b nc
|2 rdacarrier
|
| 490 |
0 |
|
|a The Riverside literature series ;
|v [no. 116]
|
| 600 |
0 |
0 |
|a Hamlet
|c (Legendary character)
|v Drama.
|
| 650 |
|
0 |
|a Princes
|z Denmark
|v Drama.
|
| 700 |
1 |
|
|a White, Richard Grant,
|d 1821-1885,
|e editor.
|
| 700 |
1 |
|
|a Cone, Helen Gray,
|d 1859-1934.
|
| 994 |
|
|
|a E0
|b TXA
|
| 999 |
|
|
|a MARS
|
| 999 |
f |
f |
|s 671502bd-67c0-374f-9997-cfe0e646f0d2
|i 5b7a3452-c2b8-345a-9f72-c5bbe07875ad
|t 0
|
| 952 |
f |
f |
|p normal
|a Texas A&M University
|b College Station
|c Sterling C. Evans Library
|d Evans: Library Stacks
|t 0
|e PR2807.A2 W5
|h Library of Congress classification
|i unmediated -- volume
|m A14801309967
|
| 998 |
f |
f |
|a PR2807.A2 W5
|t 0
|l Evans: Library Stacks
|